Jugadores Portugal #3 - Estadísticas

Estadísticas generales
  • Esta prueba ha sido intentada 17 veces
  • La puntuación promedio es 11 de 20
Estadísticas de respuestas
Imagen Respuesta % Correcto
Renato Sanches
100%
Nelson Semedo
93%
Joao Moutinho
87%
Jose Sa
87%
Fabio Vieira
80%
Anthony Lopes
73%
Fabio Silva
73%
Jota
73%
Nuno Tavares
53%
Daniel Podence
47%
Andre Horta
40%
Diogo Leite
40%
Jota Silva
40%
Tomas Araujo
33%
Chiquinho
27%
Daniel Bragança
27%
Joao Mario
27%
Mateus Fernandes
27%
Tiago Tomas
27%
Tiago Santos
13%
No se encontraron pruebas coincidentes
Distribución de puntuación
Porcentaje de gente con cada puntuación
Porcentaje por número respondido
Historial de tus puntuaciones
No has intentado esta prueba.